La Intriga del limonero (Record no. 16280)

MARC details
000 -LEADER
fixed length control field 02170cam a2200517Ii 4500
001 - CONTROL NUMBER
control field sjds903827
003 - CONTROL NUMBER IDENTIFIER
control field sjds
005 - DATE AND TIME OF LATEST TRANSACTION
control field 20180406213235.0
008 - FIXED-LENGTH DATA ELEMENTS--GENERAL INFORMATION
fixed length control field 120228t20112011txua j 000 1 eng d
010 ## - LIBRARY OF CONGRESS CONTROL NUMBER
LC control number 2011025924
020 ## - INTERNATIONAL STANDARD BOOK NUMBER
International Standard Book Number 1558857095
Qualifying information (paperback)
020 ## - INTERNATIONAL STANDARD BOOK NUMBER
International Standard Book Number 9781558857094
Qualifying information (paperback)
035 ## - SYSTEM CONTROL NUMBER
System control number (OCoLC)793916458
035 ## - SYSTEM CONTROL NUMBER
System control number (OCoLC)ocn793916458
035 ## - SYSTEM CONTROL NUMBER
System control number 898825
040 ## - CATALOGING SOURCE
Original cataloging agency BPLCP
Language of cataloging eng
Transcribing agency BPLCP
Modifying agency OCLCQ
-- PLS
-- IFA
041 1# - LANGUAGE CODE
Language code of text/sound track or separate title eng
-- spa
Language code of original eng
049 ## - LOCAL HOLDINGS (OCLC)
Holding library IFAA
099 ## - LOCAL FREE-TEXT CALL NUMBER (OCLC)
Filing suffix 2011
100 1# - MAIN ENTRY--PERSONAL NAME
Personal name Saldaña, René.
240 10 - UNIFORM TITLE
Uniform title <a href="Lemon tree caper.">Lemon tree caper.</a>
Language of a work English & Spanish
245 13 - TITLE STATEMENT
Title La Intriga del limonero
Remainder of title : colección Mickey Rangel, detective privado = The lemon tree caper :a Mickey Rangel mystery /
Statement of responsibility, etc. by/por Rene Saldana, Jr. ; Spanish translation by / traducción al español de Natalia Rosales-Yeomans.
246 30 - VARYING FORM OF TITLE
Title proper/short title lemon tree caper
260 ## - PUBLICATION, DISTRIBUTION, ETC. (IMPRINT)
Place of publication, distribution, etc. Houston, TX :
Name of publisher, distributor, etc. Pinata Books,
Date of publication, distribution, etc. [2011]
264 #1 - PRODUCTION, PUBLICATION, DISTRIBUTION, MANUFACTURE, AND COPYRIGHT NOTICE
Place of production, publication, distribution, manufacture Houston, TX :
Name of producer, publisher, distributor, manufacturer Pinata Books,
Date of production, publication, distribution, manufacture, or copyright notice [2011]
264 #4 - PRODUCTION, PUBLICATION, DISTRIBUTION, MANUFACTURE, AND COPYRIGHT NOTICE
Date of production, publication, distribution, manufacture, or copyright notice c2011
300 ## - PHYSICAL DESCRIPTION
Extent 44, 45 pages :
Other physical details illustrations ;
Dimensions 22 cm
336 ## - CONTENT TYPE
Content type term text
Content type code txt
Source rdacontent
337 ## - MEDIA TYPE
Media type term unmediated
Media type code n
Source rdamedia
338 ## - CARRIER TYPE
Carrier type term volume
Carrier type code nc
Source rdacarrier
500 ## - GENERAL NOTE
General note Titles from separate title pages; works issued back-to-back and inverted.
520 ## - SUMMARY, ETC.
Summary, etc. When his scary neighbor finds all the lemons from her prize-winning lemon tree missing, Mickey Rangel investigates.
520 ## - SUMMARY, ETC.
Summary, etc. Mickey Rangel investiga el caso de los limones premiados de su vecino malhumorado están perdidos.
521 1# - TARGET AUDIENCE NOTE
Target audience note 008-012.
Source BTSB.
650 #0 - SUBJECT ADDED ENTRY--TOPICAL TERM
Topical term or geographic name as entry element Lemon
Form subdivision Juvenile fiction.
650 #7 - SUBJECT ADDED ENTRY--TOPICAL TERM
Topical term or geographic name as entry element Limón
Form subdivision Novela juvenil.
Source of heading or term bidex
650 #0 - SUBJECT ADDED ENTRY--TOPICAL TERM
Topical term or geographic name as entry element Lost articles
Form subdivision Juvenile fiction.
650 #7 - SUBJECT ADDED ENTRY--TOPICAL TERM
Topical term or geographic name as entry element Objetos perdidos
Form subdivision Novela juvenil.
Source of heading or term bidex
650 #0 - SUBJECT ADDED ENTRY--TOPICAL TERM
Topical term or geographic name as entry element Detective and mystery stories
Form subdivision Juvenile literature.
650 #7 - SUBJECT ADDED ENTRY--TOPICAL TERM
Topical term or geographic name as entry element Novela policíaca
Form subdivision Literatura juvenil.
Source of heading or term bidex
650 #0 - SUBJECT ADDED ENTRY--TOPICAL TERM
Topical term or geographic name as entry element Spanish language materials
Form subdivision Bilingual
-- Juvenile fiction.
650 #7 - SUBJECT ADDED ENTRY--TOPICAL TERM
Topical term or geographic name as entry element Materiales bilingües en español
Form subdivision Novela juvenil.
Source of heading or term bidex
650 #0 - SUBJECT ADDED ENTRY--TOPICAL TERM
Topical term or geographic name as entry element Upside-down books
Form subdivision Specimens
-- Juvenile literature.
650 #7 - SUBJECT ADDED ENTRY--TOPICAL TERM
Topical term or geographic name as entry element Libros al revés
Form subdivision Especímenes
-- Literatura juvenil.
Source of heading or term local
942 ## - ADDED ENTRY ELEMENTS (KOHA)
Koha item type Libro/Book
Holdings
Withdrawn status Lost status Damaged status Not for loan Home library Current library Shelving location Date acquired Total Checkouts Full call number Barcode Date last seen Date checked out Price effective from Koha item type
        San Juan Del Sur -- Biblioteca San Juan Del Sur -- Biblioteca Children's Area 14/08/2015 2 JF SAL 30007309 21/06/2019 06/02/2019 14/08/2015 Libro/Book

Powered by Koha